[Event "POL-chT 1st League"]
[Site "Darlowo"]
[Date "2024.09.20"]
[Round "7.17"]
[White "Maksimenko, Andrei Jr"]
[Black "Denderski, Piotr"]
[Result "1/2-1/2"]
[WhiteElo "1919"]
[BlackElo "2138"]
[PlyCount "58"]
[EventDate "2024.09.14"]
[EventType "team-swiss"]
[EventRounds "9"]
[EventCountry "POL"]
[SourceTitle "EXT 2025"]
[Source "ChessBase"]
[SourceDate "2024.10.14"]
[SourceVersion "1"]
[SourceVersionDate "2024.10.14"]
[SourceQuality "1"]

1. e4 c5 2. Nf3 d6 3. Nc3 Nc6 4. d4 cxd4 5. Nxd4 Nf6 6. f3 e5 7. Nb3 Be6 8. Be3 d5 9. exd5 Nxd5 10. Nxd5 Qxd5 11. Qxd5 Bxd5 12. 0-0-0 0-0-0 13. c3 Be7 14. Bd3 g6 15. Rd2 f5 16. Rhd1 Be6 17. Kc2 b6 18. Re1 Rhe8 19. Bb5 Kc7 20. Rde2 Bd7 21. Bf4 Bh4 22. Bxc6 Bxe1 23. Bxd7 Kxd7 24. Bg5 Rc8 25. Rxe1 Rc6 26. Rd1+ Kc7 27. Re1 Kd7 28. Rd1+ Kc8 29. Re1 Kd7 1/2-1/2

[Event "Bystre op 2nd"]
[Site "Bystre"]
[Date "2022.07.24"]
[Round "9"]
[White "Maksimenko, Andrei Jr"]
[Black "Bugajski, Robert"]
[Result "1-0"]
[WhiteElo "1897"]
[BlackElo "2075"]
[PlyCount "114"]
[EventDate "2022.07.17"]
[EventType "swiss"]
[EventRounds "9"]
[EventCountry "POL"]
[SourceTitle "CBM 209 Extra"]
[Source "ChessBase"]
[SourceDate "2022.09.30"]
[SourceVersion "1"]
[SourceVersionDate "2022.09.30"]
[SourceQuality "1"]

1. e4 e6 2. d4 d5 3. Bd3 dxe4 4. Bxe4 Nf6 5. Bf3 c5 6. Ne2 Nc6 7. Be3 cxd4 8. Nxd4 Nxd4 9. Qxd4 Qxd4 10. Bxd4 Bd6 11. Nd2 0-0 12. 0-0-0 Re8 13. Rhe1 Bc7 14. Nc4 Nd7 15. g3 Kf8 16. Bc3 Rb8 17. Bb4+ Kg8 18. Bd6 Bxd6 19. Nxd6 Re7 20. Nxc8 Rxc8 21. Bxb7 Rb8 22. Bc6 Nb6 23. Rd4 g6 24. Red1 Kg7 25. Rd8 Rxd8 26. Rxd8 e5 27. b3 Rc7 28. Bb5 Nc8 29. c4 Kf6 30. b4 Ke7 31. Re8+ Kf6 32. c5 Nd6 33. Rb8 Nxb5 34. Rxb5 Ke6 35. Kc2 Kd5 36. Kd3 Rc6 37. a4 Rf6 38. Ke2 e4 39. Ra5 Kc4 40. b5 Kxc5 41. Rxa7 Rf3 42. Re7 f5 43. Rxh7 g5 44. h4 gxh4 45. Rxh4 Ra3 46. Rf4 Kd4 47. Rxf5 Ra2+ 48. Kf1 Rxa4 49. Kg2 Ra2 50. Kh3 Ra3 51. Kh4 e3 52. fxe3+ Rxe3 53. g4 Ke4 54. Kg5 Rd3 55. b6 Rb3 56. Rf6 Ke5 57. Kg6 Kd5 1-0

[Event "Bystre op 2nd"]
[Site "Bystre"]
[Date "2022.07.19"]
[Round "2"]
[White "Tymrakiewicz, Rafal"]
[Black "Maksimenko, Andrei Jr"]
[Result "1-0"]
[WhiteElo "2205"]
[BlackElo "1897"]
[PlyCount "87"]
[EventDate "2022.07.17"]
[EventType "swiss"]
[EventRounds "9"]
[EventCountry "POL"]
[SourceTitle "CBM 209 Extra"]
[Source "ChessBase"]
[SourceDate "2022.09.30"]
[SourceVersion "1"]
[SourceVersionDate "2022.09.30"]
[SourceQuality "1"]

1. d4 e6 2. Nf3 c5 3. e4 cxd4 4. Nxd4 a6 5. Bd3 Qc7 6. Be3 Nf6 7. 0-0 b5 8. a4 bxa4 9. Rxa4 Bb7 10. Nc3 d5 11. exd5 Nxd5 12. Nxd5 Bxd5 13. Qg4 Nd7 14. Rxa6 Rxa6 15. Bxa6 Bd6 16. Qh3 0-0 17. Bd3 Nf6 18. Nb5 Qc6 19. Nxd6 Qxd6 20. Qh4 Qc6 21. f3 Rc8 22. Bd4 Bc4 23. Bxc4 Qxc4 24. Bxf6 gxf6 25. Qxc4 Rxc4 26. c3 f5 27. Kf2 Kg7 28. Ke3 e5 29. Kd3 Rc8 30. c4 Kf6 31. b4 Ke6 32. c5 Kd5 33. Kc3 Ra8 34. Rd1+ Ke6 35. c6 e4 36. fxe4 fxe4 37. b5 Rc8 38. Kc4 f5 39. g3 h5 40. Kc5 f4 41. gxf4 Kf5 42. b6 e3 43. b7 Re8 44. c7 1-0

[Event "Bystre op 2nd"]
[Site "Bystre"]
[Date "2022.07.18"]
[Round "1"]
[White "Dzwierzynski, Bartosz"]
[Black "Maksimenko, Andrei Jr"]
[Result "1-0"]
[WhiteElo "2129"]
[BlackElo "1897"]
[PlyCount "99"]
[EventDate "2022.07.17"]
[EventType "swiss"]
[EventRounds "9"]
[EventCountry "POL"]
[SourceTitle "CBM 209 Extra"]
[Source "ChessBase"]
[SourceDate "2022.09.30"]
[SourceVersion "1"]
[SourceVersionDate "2022.09.30"]
[SourceQuality "1"]

1. d4 Nf6 2. c4 c5 3. d5 b5 4. Qc2 b4 5. e4 d6 6. f4 Qc7 7. Nf3 Bg4 8. Nbd2 e6 9. Be2 Be7 10. 0-0 0-0 11. h3 Bxf3 12. Bxf3 Ne8 13. e5 exd5 14. cxd5 Nd7 15. Nc4 Nb6 16. b3 Rd8 17. Nxb6 Qxb6 18. Kh1 Nc7 19. Rd1 Rfe8 20. Be4 h6 21. Bb2 Bf8 22. Rd3 Nb5 23. Qe2 Nc3 24. Bxc3 bxc3 25. e6 fxe6 26. dxe6 Qb4 27. a3 Qb5 28. Bd5 Be7 29. Qf3 Rf8 30. Rxc3 Rf6 31. Qg4 Qe8 32. Rf1 Qf8 33. f5 Rb8 34. Rcf3 Qd8 35. Qa4 a5 36. Rf4 Kh8 37. R1f3 Rf8 38. Rg4 Bf6 39. Rg6 Re8 40. Rfg3 Qe7 41. Qxa5 Be5 42. Rf3 Rf8 43. Qa4 Rbc8 44. Qg4 Rc7 45. Qh5 Ra7 46. a4 Ra5 47. g4 Bf6 48. h4 Bxh4 49. Rh3 Bg5 50. Qxg5 1-0

[Event "Wroclaw op-A"]
[Site "Wroclaw"]
[Date "2021.08.05"]
[Round "6"]
[White "Maksimenko, Andrei Jr"]
[Black "Althoff, Ralph"]
[Result "1-0"]
[WhiteElo "1903"]
[BlackElo "2041"]
[PlyCount "83"]
[EventDate "2021.08.01"]
[EventType "swiss"]
[EventRounds "9"]
[EventCountry "POL"]
[SourceTitle "CBM 203 Extra"]
[Source "ChessBase"]
[SourceDate "2021.09.30"]
[SourceVersion "1"]
[SourceVersionDate "2021.09.30"]
[SourceQuality "1"]

1. e4 c5 2. Nf3 g6 3. d4 cxd4 4. Nxd4 Nc6 5. c4 Bg7 6. Be3 Nf6 7. Nc3 Ng4 8. Qxg4 Nxd4 9. Qd1 e5 10. Be2 d6 11. 0-0 a6 12. Qd2 Be6 13. Rac1 Rc8 14. b3 0-0 15. Rfd1 f5 16. exf5 gxf5 17. Bf1 Qh4 18. Bxd4 exd4 19. Ne2 Bh6 20. f4 Rf6 21. Qxd4 Bf8 22. Qf2 Qh6 23. Rd3 b5 24. Rg3+ Kh8 25. Nd4 Bd7 26. Rg5 d5 27. Rc3 Rf7 28. Kh1 Be7 29. Rgg3 Bh4 30. Qb2 Bxg3 31. Rxg3 Qf6 32. cxd5 Rc5 33. Qf2 Rxd5 34. Nf3 Qa1 35. Ne5 Rg7 36. Rxg7 Kxg7 37. h3 Rd1 38. Kh2 Be8 39. Qa7+ Kh6 40. Qe7 Bg6 41. Qf8+ Kh5 42. Be2+ 1-0

[Event "Wroclaw op-A"]
[Site "Wroclaw"]
[Date "2021.08.04"]
[Round "5"]
[White "Rog, Bartlomiej"]
[Black "Maksimenko, Andrei Jr"]
[Result "1/2-1/2"]
[WhiteElo "1981"]
[BlackElo "1903"]
[PlyCount "87"]
[EventDate "2021.08.01"]
[EventType "swiss"]
[EventRounds "9"]
[EventCountry "POL"]
[SourceTitle "CBM 203 Extra"]
[Source "ChessBase"]
[SourceDate "2021.09.30"]
[SourceVersion "1"]
[SourceVersionDate "2021.09.30"]
[SourceQuality "1"]

1. e4 c5 2. Nf3 e6 3. d4 cxd4 4. Nxd4 a6 5. Bd3 Qc7 6. Qe2 Bd6 7. Nc3 Nc6 8. Nxc6 dxc6 9. Qg4 g6 10. f4 e5 11. f5 Bd7 12. Be3 0-0-0 13. 0-0-0 Bb4 14. Nb1 Ne7 15. Qf3 gxf5 16. exf5 Nd5 17. Bd2 Bc5 18. Rhf1 h5 19. Nc3 Nxc3 20. Bxc3 f6 21. Bc4 Kb8 22. Be1 h4 23. Qg4 Be3+ 24. Bd2 Qb6 25. Bxe3 Qxe3+ 26. Kb1 Bc8 27. Be6 Rd4 28. Rxd4 Qxd4 29. Qxd4 exd4 30. Rf4 c5 31. Kc1 Kc7 32. Bd5 Bd7 33. Kd2 Rh5 34. Bf3 Rh7 35. c3 dxc3+ 36. Kxc3 b5 37. a3 Kd6 38. b4 cxb4+ 39. Kxb4 Ke5 40. Re4+ Kxf5 41. Rd4 Ke5 42. Rd5+ Kf4 43. Rd4+ Ke5 44. Rd5+ 1/2-1/2

[Event "Wroclaw Anderssen Memorial op"]
[Site "Wroclaw"]
[Date "2021.07.31"]
[Round "6"]
[White "Frac, Piotr"]
[Black "Maksimenko, Andrei Jr"]
[Result "0-1"]
[WhiteElo "1090"]
[BlackElo "1903"]
[PlyCount "64"]
[EventDate "2021.07.31"]
[EventType "swiss (rapid)"]
[EventRounds "9"]
[EventCountry "POL"]
[SourceTitle "CBM 203 Extra"]
[Source "ChessBase"]
[SourceDate "2021.09.30"]
[SourceVersion "1"]
[SourceVersionDate "2021.09.30"]
[SourceQuality "1"]

1. d4 Nf6 2. c4 c5 3. d5 b5 4. cxb5 a6 5. Nc3 axb5 6. Nxb5 Bb7 7. Nc3 d6 8. e4 g6 9. f4 Bg7 10. Nf3 0-0 11. Bd3 Nbd7 12. 0-0 Nb6 13. Be3 Ng4 14. Qd2 Nxe3 15. Qxe3 Na4 16. Bb5 Nxc3 17. bxc3 Qa5 18. a4 Qxc3 19. Qxc3 Bxc3 20. Rac1 Bb4 21. Rfd1 Ba6 22. Bc6 Ra7 23. Kf2 Rb8 24. e5 Bc8 25. exd6 exd6 26. Rd3 Bf5 27. Re3 Bg4 28. Ne1 Bd2 29. Rcc3 Bxc3 30. Rxc3 Bd7 31. Nd3 Bxc6 32. dxc6 Rxa4 0-1

[Event "Wroclaw Anderssen Memorial op"]
[Site "Wroclaw"]
[Date "2021.07.31"]
[Round "9"]
[White "Maksimenko, Andrei Jr"]
[Black "Bednarczyk, Mateusz"]
[Result "1-0"]
[WhiteElo "1903"]
[BlackElo "1598"]
[PlyCount "57"]
[EventDate "2021.07.31"]
[EventType "swiss (rapid)"]
[EventRounds "9"]
[EventCountry "POL"]
[SourceTitle "CBM 203 Extra"]
[Source "ChessBase"]
[SourceDate "2021.09.30"]
[SourceVersion "1"]
[SourceVersionDate "2021.09.30"]
[SourceQuality "1"]

1. e4 c5 2. Nf3 Nc6 3. d4 cxd4 4. Nxd4 Nf6 5. Nc3 e6 6. Ndb5 Bb4 7. a3 Bxc3+ 8. Nxc3 d5 9. exd5 exd5 10. Bd3 0-0 11. 0-0 d4 12. Ne4 Bf5 13. Bg5 Bxe4 14. Bxe4 Qd6 15. Bxf6 Qxf6 16. Qh5 g6 17. Qb5 Rab8 18. Rad1 Rfe8 19. f3 Rec8 20. Rd2 a6 21. Qb6 Qf4 22. Rfd1 Qc7 23. Qc5 b6 24. Qg5 Rd8 25. h4 Re8 26. h5 Re5 27. Qg3 Re7 28. Qh4 Rd8 29. Bxc6 1-0

[Event "POL-chT2"]
[Site "Poronin"]
[Date "2013.09.14"]
[Round "8.53"]
[White "Kasperek, Rafal"]
[Black "Maksimenko, Andrei Jr"]
[Result "1-0"]
[WhiteElo "2020"]
[BlackElo "1933"]
[PlyCount "35"]
[EventDate "2013.09.06"]
[EventType "team-swiss"]
[EventRounds "9"]
[EventCountry "POL"]
[SourceTitle "EXT 2015"]
[Source "ChessBase"]
[SourceDate "2014.11.20"]
[SourceVersion "1"]
[SourceVersionDate "2014.11.20"]
[SourceQuality "1"]
[WhiteTeam "Debica Gryf"]
[BlackTeam "Znin Baszta II"]
[WhiteTeamCountry "POL"]
[BlackTeamCountry "POL"]

1. e4 c5 2. Nf3 e6 3. d4 cxd4 4. Nxd4 a6 5. Nc3 Qc7 6. Bd3 Nf6 7. 0-0 Bc5 8. Nb3 Be7 9. Qe2 d6 10. f4 Nbd7 11. Bd2 b6 12. Rae1 Bb7 13. e5 Nd5 14. Kh1 Nb4 15. Nb5 axb5 16. Bxb4 Rc8 17. Nd4 Bc6 18. exd6 1-0

[Event "POL-chT2"]
[Site "Poronin"]
[Date "2013.09.11"]
[Round "5.35"]
[White "Maksimenko, Andrei Jr"]
[Black "Janus, Przemyslaw"]
[Result "0-1"]
[WhiteElo "1933"]
[BlackElo "2133"]
[PlyCount "66"]
[EventDate "2013.09.06"]
[EventType "team-swiss"]
[EventRounds "9"]
[EventCountry "POL"]
[SourceTitle "EXT 2015"]
[Source "ChessBase"]
[SourceDate "2014.11.20"]
[SourceVersion "1"]
[SourceVersionDate "2014.11.20"]
[SourceQuality "1"]
[WhiteTeam "Znin Baszta II"]
[BlackTeam "Czarna LKSz GCKiP"]
[WhiteTeamCountry "POL"]
[BlackTeamCountry "POL"]

1. e4 c5 2. Nf3 d6 3. d4 cxd4 4. Nxd4 Nf6 5. Nc3 g6 6. Be3 Bg7 7. f3 Nc6 8. Qd2 0-0 9. 0-0-0 Nxd4 10. Bxd4 Be6 11. Kb1 Qc7 12. h4 Rfc8 13. h5 Qa5 14. hxg6 hxg6 15. a3 a6 16. Bd3 Bc4 17. Bxc4 Rxc4 18. Qe3 Rac8 19. g4 Kf8 20. Bb6 Qe5 21. f4 Qe6 22. f5 Qe5 23. fxg6 Nxe4 24. Qf3 Nxc3+ 25. bxc3 Rf4 26. Qe3 Qb5+ 27. Ka2 Rxc3 28. Qc1 Qxb6 29. Rh7 Qc5 30. Rd2 Ra4 31. Kb1 Qb5+ 32. Ka2 Rcxa3+ 33. Qxa3 Qb2# 0-1

[Event "POL-chT 2nd League"]
[Site "Lazy"]
[Date "2012.09.06"]
[Round "6"]
[White "Maksimenko, Andrei Jr"]
[Black "Czachor, Radoslaw"]
[Result "1-0"]
[WhiteElo "1896"]
[BlackElo "2063"]
[PlyCount "55"]
[EventDate "2012.09.01"]
[EventType "team-swiss"]
[EventRounds "9"]
[EventCountry "POL"]
[SourceTitle "EXT 2019"]
[Source "ChessBase"]
[SourceDate "2018.10.10"]
[SourceVersion "1"]
[SourceVersionDate "2018.10.10"]
[SourceQuality "1"]
[WhiteTeam "Znin Baszta II"]
[BlackTeam "Wroclaw AZS Politechnika"]
[WhiteTeamCountry "POL"]
[BlackTeamCountry "POL"]

1. e4 e6 2. Nf3 d5 3. Nc3 Nf6 4. e5 Nfd7 5. d4 c5 6. dxc5 Bxc5 7. Bd3 Nc6 8. Bf4 a6 9. 0-0 Qc7 10. Qe2 Nd4 11. Qd1 b5 12. Re1 b4 13. Na4 Ba7 14. c3 Nxf3+ 15. Qxf3 Qa5 16. Bc2 Bb7 17. Qg3 g6 18. Bd2 bxc3 19. Nxc3 Qc5 20. Rac1 Rc8 21. Ba4 Qe7 22. Bg5 Qb4 23. a3 Qf8 24. Nxd5 exd5 25. Qg4 Bc6 26. Rxc6 Rxc6 27. Bxc6 Bxf2+ 28. Kh1 1-0

[Event "POL-chT 2nd League"]
[Site "Lazy"]
[Date "2012.09.02"]
[Round "2"]
[White "Maksimenko, Andrei Jr"]
[Black "Knopik, Krzysztof"]
[Result "1/2-1/2"]
[WhiteElo "1896"]
[BlackElo "2127"]
[PlyCount "37"]
[EventDate "2012.09.01"]
[EventType "team-swiss"]
[EventRounds "9"]
[EventCountry "POL"]
[SourceTitle "EXT 2019"]
[Source "ChessBase"]
[SourceDate "2018.10.10"]
[SourceVersion "1"]
[SourceVersionDate "2018.10.10"]
[SourceQuality "1"]
[WhiteTeam "Znin Baszta II"]
[BlackTeam "Czerwionka Gornik 23"]
[WhiteTeamCountry "POL"]
[BlackTeamCountry "POL"]

1. e4 e5 2. Nf3 Nc6 3. Nc3 Nf6 4. d4 exd4 5. Nxd4 Bb4 6. Nxc6 bxc6 7. Bd3 d5 8. exd5 cxd5 9. 0-0 0-0 10. Bb5 c6 11. Qf3 Be7 12. Re1 Rb8 13. Rb1 h6 14. Bxh6 gxh6 15. Qe3 Bd6 16. Qxh6 Bb4 17. Qg5+ Kh8 18. Qh6+ Kg8 19. Qg5+ 1/2-1/2

[Event "POL-chT 2nd League"]
[Site "Lazy"]
[Date "2012.09.01"]
[Round "1"]
[White "Kaczmarek, Piotr"]
[Black "Maksimenko, Andrei Jr"]
[Result "0-1"]
[WhiteElo "1839"]
[BlackElo "1896"]
[PlyCount "56"]
[EventDate "2012.09.01"]
[EventType "team-swiss"]
[EventRounds "9"]
[EventCountry "POL"]
[SourceTitle "EXT 2019"]
[Source "ChessBase"]
[SourceDate "2018.10.10"]
[SourceVersion "1"]
[SourceVersionDate "2018.10.10"]
[SourceQuality "1"]
[WhiteTeam "Srem LKS Piast"]
[BlackTeam "Znin Baszta II"]
[WhiteTeamCountry "POL"]
[BlackTeamCountry "POL"]

1. e4 c5 2. c3 Nf6 3. e5 Nd5 4. d4 cxd4 5. Nf3 e6 6. cxd4 d6 7. Bc4 Nc6 8. 0-0 Be7 9. Nbd2 Qc7 10. Re1 0-0 11. a3 a6 12. b4 b5 13. Bd3 Bb7 14. Bb2 Rac8 15. Rc1 Qb8 16. Ne4 Rfd8 17. exd6 Bxd6 18. Neg5 h6 19. Nxf7 Kxf7 20. Nh4 Nf4 21. Qg4 Ne7 22. d5 e5 23. Bf5 Rxc1 24. Be6+ Nxe6 25. dxe6+ Kg8 26. Bxc1 Kh7 27. f4 Rf8 28. Bb2 Qa7+ 0-1

[Event "Kujawsko Pomorskie-ch op-A 65th"]
[Site "Szubin"]
[Date "2012.08.15"]
[Round "3.9"]
[White "Maksimenko, Andrei Jr"]
[Black "Haja, Jacek"]
[Result "1/2-1/2"]
[WhiteElo "1890"]
[BlackElo "1772"]
[PlyCount "68"]
[EventDate "2012.08.09"]
[EventType "swiss"]
[EventRounds "9"]
[EventCountry "POL"]
[SourceTitle "EXT 2023"]
[Source "ChessBase"]
[SourceDate "2022.10.05"]
[SourceVersion "1"]
[SourceVersionDate "2022.10.05"]
[SourceQuality "1"]

1. e4 c6 2. d4 d5 3. Nc3 dxe4 4. Nxe4 Nf6 5. Ng3 g6 6. Nf3 Bg4 7. c3 Bxf3 8. Qxf3 Qd5 9. Be2 Qxf3 10. Bxf3 e6 11. Bf4 Nbd7 12. 0-0-0 Nd5 13. Be5 f6 14. Bxd5 cxd5 15. Bf4 g5 16. Bd2 Bd6 17. Rde1 Kf7 18. Rhf1 h5 19. f4 gxf4 20. Bxf4 Bxf4+ 21. Rxf4 Rag8 22. Re2 Rg4 23. Nxh5 Rg5 24. g4 Rh6 25. Ref2 Ke7 26. h3 f5 27. R2f3 fxg4 28. hxg4 Rhg6 29. Kc2 Rxg4 30. Rf7+ Kd6 31. Rxd7+ Kxd7 32. Nf6+ Ke7 33. Nxg4 Rxg4 34. Rh3 Kd6 1/2-1/2

[Event "Kujawsko Pomorskie-ch op-A 65th"]
[Site "Szubin"]
[Date "2012.08.15"]
[Round "8.6"]
[White "Maksimenko, Andrei Jr"]
[Black "Konieczynski, Piotr"]
[Result "1/2-1/2"]
[WhiteElo "1890"]
[BlackElo "1925"]
[PlyCount "28"]
[EventDate "2012.08.09"]
[EventType "swiss"]
[EventRounds "9"]
[EventCountry "POL"]
[SourceTitle "EXT 2023"]
[Source "ChessBase"]
[SourceDate "2022.10.05"]
[SourceVersion "1"]
[SourceVersionDate "2022.10.05"]
[SourceQuality "1"]

1. e4 e6 2. d4 d5 3. exd5 exd5 4. Bd3 Bd6 5. Ne2 c6 6. c3 Ne7 7. Bf4 Bxf4 8. Nxf4 Qd6 9. Qf3 Ng6 10. Nxg6 hxg6 11. h3 Nd7 12. Nd2 Nf6 13. 0-0-0 Be6 14. Rhe1 0-0-0 1/2-1/2

[Event "Kujawsko Pomorskie-ch op-A 65th"]
[Site "Szubin"]
[Date "2012.08.15"]
[Round "7.8"]
[White "Maksimenko, Andrei Jr"]
[Black "Kroczka, Gromoslaw"]
[Result "1-0"]
[WhiteElo "1890"]
[BlackElo "1571"]
[PlyCount "62"]
[EventDate "2012.08.09"]
[EventType "swiss"]
[EventRounds "9"]
[EventCountry "POL"]
[SourceTitle "EXT 2023"]
[Source "ChessBase"]
[SourceDate "2022.10.05"]
[SourceVersion "1"]
[SourceVersionDate "2022.10.05"]
[SourceQuality "1"]

1. e4 c5 2. Nf3 Nc6 3. Bb5 e6 4. 0-0 Nge7 5. c3 a6 6. Ba4 b5 7. Bc2 d5 8. d4 dxe4 9. Bxe4 cxd4 10. Nxd4 Bb7 11. a4 Nd5 12. axb5 Nxd4 13. Qxd4 axb5 14. Rxa8 Qxa8 15. Rd1 f6 16. Qd3 f5 17. Qxb5+ Kf7 18. Bf3 Bc6 19. Qe2 Bd6 20. c4 Nf4 21. Bxf4 Bxf4 22. Bxc6 Qxc6 23. Qd3 Kf6 24. Nd2 g5 25. Nf3 g4 26. Qc3+ e5 27. Ne1 Qe4 28. Rd6+ Kg5 29. g3 Ra8 30. gxf4+ Qxf4 31. Qc2 Ra2 1-0

[Event "POL-chT3 1112"]
[Site "Poland"]
[Date "2011.12.11"]
[Round "3.23"]
[White "Maksimenko, Andrei Jr"]
[Black "Musial, Marian"]
[Result "1-0"]
[WhiteElo "1854"]
[BlackElo "1694"]
[PlyCount "53"]
[EventDate "2011.11.06"]
[EventType "team-tourn"]
[EventRounds "11"]
[EventCountry "POL"]
[SourceTitle "EXT 2015"]
[Source "ChessBase"]
[SourceDate "2014.11.20"]
[SourceVersion "1"]
[SourceVersionDate "2014.11.20"]
[SourceQuality "1"]
[WhiteTeam "Znin Baszta II"]
[BlackTeam "Bydgoszcz Wiartrak"]
[WhiteTeamCountry "POL"]
[BlackTeamCountry "POL"]

1. e4 e6 2. Nf3 a6 3. d4 c5 4. Be3 b6 5. Bd3 Bb7 6. 0-0 c4 7. Bxc4 Bxe4 8. Nc3 Bxf3 9. Qxf3 d5 10. Rfe1 Be7 11. Nxd5 exd5 12. Bxd5 Ra7 13. Qxf7+ Kd7 14. Be6+ Kc7 15. Qxg7 Nf6 16. Bf4+ Kb7 17. Bg4 Nc6 18. Bf3 Re8 19. Bxc6+ Kxc6 20. Re6+ Kb5 21. a4+ Kc4 22. Rxf6 Qd5 23. Qxh7 Qxd4 24. Qf7+ Qd5 25. Rc6+ Bc5 26. b3+ Kb4 27. Qxd5 1-0

[Event "Gniezno-ch op"]
[Site "Gniezno"]
[Date "2011.11.25"]
[Round "?"]
[White "Bardeli, Lukasz"]
[Black "Maksimenko, Andrei Jr"]
[Result "1/2-1/2"]
[WhiteElo "2298"]
[BlackElo "1854"]
[PlyCount "73"]
[EventDate "2011.11.25"]
[EventType "swiss"]
[EventRounds "5"]
[EventCountry "POL"]
[SourceTitle "EXT 2023"]
[Source "ChessBase"]
[SourceDate "2022.10.05"]
[SourceVersion "1"]
[SourceVersionDate "2022.10.05"]
[SourceQuality "1"]

1. Nf3 Nf6 2. c4 c5 3. Nc3 Nc6 4. g3 d5 5. cxd5 Nxd5 6. Bg2 Nc7 7. 0-0 e5 8. d3 Be7 9. Nd2 Be6 10. Nc4 Nd5 11. Ne3 Nxe3 12. Bxe3 Qd7 13. Qa4 Rc8 14. Rfc1 0-0 15. Ne4 Nd4 16. Qxd7 Bxd7 17. Kf1 b6 18. Bd2 Bc6 19. e3 Ne6 20. Bc3 f6 21. f4 exf4 22. gxf4 Bb5 23. Nf2 Rcd8 24. f5 Nc7 25. Be4 Nd5 26. Ke2 Rd7 27. Kf3 Rfd8 28. Rg1 Kf7 29. Rad1 Ba6 30. Rg4 Bb7 31. Be1 Bf8 32. a3 Ne7 33. Bxb7 Rxb7 34. e4 Nc6 35. Bc3 Rbd7 36. Ke3 b5 37. b3 1/2-1/2

[Event "Gniezno-ch op"]
[Site "Gniezno"]
[Date "2011.11.25"]
[Round "?"]
[White "Maksimenko, Andrei Jr"]
[Black "Banach, Szymon"]
[Result "1-0"]
[WhiteElo "1854"]
[BlackElo "1764"]
[PlyCount "111"]
[EventDate "2011.11.25"]
[EventType "swiss"]
[EventRounds "5"]
[EventCountry "POL"]
[SourceTitle "EXT 2023"]
[Source "ChessBase"]
[SourceDate "2022.10.05"]
[SourceVersion "1"]
[SourceVersionDate "2022.10.05"]
[SourceQuality "1"]

1. e4 c5 2. Nf3 d6 3. d4 cxd4 4. Nxd4 Nf6 5. Nc3 g6 6. Be3 Bg7 7. f3 0-0 8. Qd2 Nc6 9. 0-0-0 d5 10. exd5 Nxd5 11. Nxc6 bxc6 12. Nxd5 cxd5 13. Bd4 e5 14. Bc5 Re8 15. Bb5 Bd7 16. Bxd7 Qxd7 17. Qxd5 Qc7 18. Bd6 Qb6 19. Qc5 Qb7 20. Qb4 Qc6 21. Qc5 Qb7 22. Qd5 Qb6 23. Qb3 Qc6 24. Qd5 Qb6 25. Bc5 Qb5 26. Ba3 Qb6 27. Qc5 Qa6 28. Rd7 Rac8 29. Qd5 Qf6 30. Rd1 Qf5 31. Qd3 Qg5+ 32. Kb1 Qxg2 33. Qb3 Re6 34. Rxf7 Qe2 35. Rfd7 Qc4 36. Rd8+ Kf7 37. Qb7+ Rc7 38. R8d7+ Rxd7 39. Qxd7+ Kf6 40. b3 Qa6 41. Bb2 g5 42. h4 h6 43. hxg5+ hxg5 44. Qd8+ Kg6 45. Bc1 Rf6 46. Rg1 Bh6 47. Bxg5 Bxg5 48. Qg8+ Kf5 49. Qxg5+ Ke6 50. Qg4+ Ke7 51. Qg7+ Ke6 52. Qg8+ Kd7 53. Rd1+ Kc6 54. Qe8+ Kc5 55. Qxe5+ Kb4 56. Rd4+ 1-0

[Event "World School-ch U17 7th"]
[Site "Krakow"]
[Date "2011.05.07"]
[Round "8"]
[White "Sleczka, Bartosz"]
[Black "Maksimenko, Andrei Jr"]
[Result "1/2-1/2"]
[WhiteElo "1895"]
[BlackElo "1820"]
[PlyCount "70"]
[EventDate "2011.04.30"]
[EventType "swiss"]
[EventRounds "9"]
[EventCountry "POL"]
[SourceTitle "EXT 2012"]
[Source "ChessBase"]
[SourceDate "2011.11.24"]
[SourceVersion "1"]
[SourceVersionDate "2011.11.24"]
[SourceQuality "1"]

1. e4 e5 2. Nf3 Nc6 3. Bc4 Nf6 4. d4 exd4 5. 0-0 Nxe4 6. Re1 d5 7. Bxd5 Qxd5 8. Nc3 Qh5 9. Nxe4 Be6 10. Bg5 Bd6 11. Nxd6+ cxd6 12. Bf4 Qd5 13. c3 0-0 14. Nxd4 Nxd4 15. Qxd4 Qxd4 16. cxd4 d5 17. Rac1 Rac8 18. Bc7 Rfe8 19. f3 f6 20. Kf2 Kf7 21. Re3 Bd7 22. Rb3 Bc6 23. Bd6 Re6 24. Bc5 Rce8 25. Rc2 Kg6 26. Rd3 Bb5 27. Rdd2 a6 28. b3 Re3 29. Bd6 Bc6 30. Bf4 R3e6 31. Re2 Kf5 32. Bc7 h5 33. Rxe6 Rxe6 34. Re2 Rxe2+ 35. Kxe2 g6 1/2-1/2

[Event "World School-ch U17 7th"]
[Site "Krakow"]
[Date "2011.05.06"]
[Round "7"]
[White "Maksimenko, Andrei Jr"]
[Black "Jastrzebski, Lukasz"]
[Result "1-0"]
[WhiteElo "1820"]
[BlackElo "1636"]
[PlyCount "69"]
[EventDate "2011.04.30"]
[EventType "swiss"]
[EventRounds "9"]
[EventCountry "POL"]
[SourceTitle "EXT 2012"]
[Source "ChessBase"]
[SourceDate "2011.11.24"]
[SourceVersion "1"]
[SourceVersionDate "2011.11.24"]
[SourceQuality "1"]

1. e4 c5 2. Nf3 Nc6 3. Bb5 a6 4. Bxc6 bxc6 5. d4 cxd4 6. Nxd4 e6 7. Nc3 g6 8. 0-0 Bg7 9. Be3 Bb7 10. Nb3 d5 11. Nc5 Rb8 12. exd5 cxd5 13. Bf4 e5 14. Re1 Ne7 15. Nxb7 Rxb7 16. Bxe5 Bxe5 17. Rxe5 Qd6 18. Qxd5 Qxd5 19. Nxd5 f6 20. Rxe7+ Rxe7 21. Nxe7 Kxe7 22. Rd1 Ke6 23. Kf1 a5 24. Ke2 a4 25. Rd4 Rb8 26. b3 axb3 27. cxb3 h5 28. b4 Ra8 29. Rd2 Ke5 30. Kd3 Kd5 31. Kc3+ Ke4 32. b5 f5 33. Kb4 g5 34. b6 f4 35. Kb5 1-0